| 000 | 00725nam a2200217 4500 | ||
|---|---|---|---|
| 001 | 109983 | ||
| 003 | ES-MaACL | ||
| 005 | 20250814063227.0 | ||
| 007 | t| | ||
| 008 | 061121s1955 sp r ||||1| spa d | ||
| 100 | 1 |
_aObrador Alcalde, Sixto, _d1911-1978 _986417 |
|
| 245 | 1 | 0 |
_aTumores intracraneales / _cSixto Obrador Alcalde, J. Sanz Ibáñez. |
| 260 |
_aMadrid : _bPaz Montalvo, _c1955. |
||
| 300 |
_a464 p. ; _c24 cm. |
||
| 594 | _aMonografía del Instituto Nacional de Oncología | ||
| 650 | 4 |
_aCabeza- _xTumores. _9173831 |
|
| 700 | 1 |
_aSanz Ibáñez, Julián, _d1904-1963 _9103650 |
|
| 710 | 2 |
_aInstituto Nacional de Oncología (España) _95179 |
|
| 852 | 4 |
_aES-MaACL _jC-11724 |
|
| 999 |
_c109983 _d109983 |
||